Những vấn đề cơ bản của đạo đức nghề nghiệp nhà báo
Đã lưu trong:
| 主要作者: | |
|---|---|
| 格式: | 圖書 |
| 語言: | Undetermined |
| 出版: |
Hà Nội
Lý luận chính trị
2004
|
| 主題: | |
| 標簽: |
添加標簽
沒有標簽, 成為第一個標記此記錄!
|
| Thư viện lưu trữ: | Trung tâm Học liệu Trường Đại học Cần Thơ |
|---|
| LEADER | 00595nam a2200193Ia 4500 | ||
|---|---|---|---|
| 001 | CTU_104419 | ||
| 008 | 210402s9999 xx 000 0 und d | ||
| 020 | |c 16280 | ||
| 082 | |a 070.4 | ||
| 082 | |b L157 | ||
| 100 | |a Ladutina, G. V. | ||
| 245 | 0 | |a Những vấn đề cơ bản của đạo đức nghề nghiệp nhà báo | |
| 245 | 0 | |c G. V. Ladutina ; Biên dịch Hoàng Anh | |
| 260 | |a Hà Nội | ||
| 260 | |b Lý luận chính trị | ||
| 260 | |c 2004 | ||
| 650 | |a Journalism | ||
| 904 | |i Vương | ||
| 980 | |a Trung tâm Học liệu Trường Đại học Cần Thơ | ||